000 00576nam a2200205Ia 4500
005 20220718164117.0
008 131103s9999 xx 000 0 und d
040 _aLoreto College
041 _aEnglish
082 _a801
_bWAT
100 _aWatson, George
245 4 _aThe literary critics
_b A study of English descriptive criticism
_cGeorge Watson
260 _aHarmondsworth
_bPenguin Books
_c1962
300 _a249 p.
504 _aIncludes index
650 _aLiterature -
651 _aLiterary Theory - Lierary Criticism -
850 _aLCLIB
942 _cBK
999 _c549
_d51028